[Event "27. ekipno prvenstvo RH zene"]
[Site "Biograd na Moru"]
[Date "2018.09.09"]
[Round "3.24"]
[White "Ivekovic, Zvjezdana"]
[Black "Muha, Magdalena"]
[Result "1-0"]
[WhiteElo "1703"]
[BlackElo "1839"]
[PlyCount "115"]
[EventDate "2018.09.08"]
[EventCountry "CRO"]

1. d4 d5 2. c4 c6 3. Nf3 Nf6 4. g3 dxc4 5. Bg2 Bf5 6. O-O e6 7. Ne5 Be7 8. Nxc4
O-O 9. Nc3 Nbd7 10. e4 Bg6 11. a4 b6 12. Be3 Rc8 13. Rc1 Bb4 14. f3 Qe7 15. Na2
b5 16. Nxb4 Qxb4 17. Bd2 Qe7 18. Na5 c5 19. dxc5 Rxc5 20. Bb4 Rxc1 21. Bxe7
Rxd1 22. Rxd1 Rb8 23. Nc6 Rb7 24. axb5 h6 25. Bf1 Ne5 26. Nxe5 Rxe7 27. Nxg6
fxg6 28. Bc4 Kf7 29. Rd6 g5 30. e5 Nd5 31. Bxd5 exd5 32. Rxd5 Ke6 33. Rc5 Kf5
34. g4+ Kf4 35. Kf2 Rd7 36. Ke2 Re7 37. Rc4+ Kxe5 38. Re4+ Kd6 39. Rxe7 Kxe7
40. Kd3 Kd6 41. Kd4 g6 42. h3 h5 43. b3 h4 44. b4 Ke6 45. Kc5 Ke5 46. b6 axb6+
47. Kxb6 Kf4 48. Kc5 Kg3 49. b5 Kxh3 50. b6 Kg2 51. b7 h3 52. b8=Q h2 53. Qb2+
Kg1 54. Qc1+ Kg2 55. Qd2+ Kg1 56. Qxg5 h1=Q 57. Qc1+ Kg2 58. Qxh1+ 1-0

[Event "27. ekipno prvenstvo RH zene"]
[Site "Biograd na Moru"]
[Date "2018.09.09"]
[Round "3.33"]
[White "Bogdanic, Katarina"]
[Black "Roklicer, Heike"]
[Result "1-0"]
[WhiteElo "1921"]
[BlackElo "2042"]
[PlyCount "69"]
[EventDate "2018.09.08"]
[EventCountry "CRO"]
[WhiteTeam "ŠK "]
[BlackTeam "ŠK "]

1. Nf3 Nf6 2. c4 e6 3. g3 d5 4. d4 c6 5. Qc2 Be7 6. Bg2 O-O 7. O-O b6 8. Nbd2
Bb7 9. e4 Nbd7 10. b3 Rc8 11. Bb2 b5 12. Rac1 bxc4 13. bxc4 Ba6 14. Rfe1 Bb4
15. Qa4 Qa5 16. Qxa5 Bxa5 17. Bc3 Bxc3 18. Rxc3 Bxc4 19. e5 Ng4 20. Nxc4 dxc4
21. Nd2 Nb8 22. Nxc4 Nh6 23. Nd6 Rc7 24. Rec1 g6 25. d5 exd5 26. Bxd5 Nd7 27.
e6 fxe6 28. Bxe6+ Kg7 29. Rxc6 Rxc6 30. Rxc6 Ne5 31. Rc7+ Kh8 32. Kg2 a5 33.
Ne4 Nd3 34. Ng5 Rxf2+ 35. Kg1 1-0

[Event "27. ekipno prvenstvo RH zene"]
[Site "Biograd na Moru"]
[Date "2018.09.09"]
[Round "3.41"]
[White "Lakos, Nikoletta"]
[Black "Rozman, Monika"]
[Result "1/2-1/2"]
[WhiteElo "2258"]
[BlackElo "2037"]
[PlyCount "85"]
[EventDate "2018.09.08"]
[EventCountry "CRO"]
[WhiteTeam "ŠK "]
[BlackTeam "HAŠK "]

1. e4 c5 2. Nf3 d6 3. Bb5+ Bd7 4. Bxd7+ Qxd7 5. c4 Nc6 6. d4 cxd4 7. Nxd4 Nf6
8. Nc3 e6 9. O-O Rc8 10. b3 Be7 11. Be3 O-O 12. Rc1 a6 13. a4 Nxd4 14. Bxd4 Qc7
15. Kh1 Rfe8 16. f3 Nd7 17. Qd2 Nc5 18. Rb1 Rcd8 19. Rfc1 Nd7 20. Ne2 Bf6 21.
a5 Bxd4 22. Nxd4 Ne5 23. h3 Rc8 24. Rd1 Red8 25. Rbc1 h6 26. f4 Nc6 27. b4 Qe7
28. Nxc6 bxc6 29. Qe2 Qa7 30. b5 cxb5 31. cxb5 Rxc1 32. Rxc1 axb5 33. Qxb5 Qe3
34. Qc6 Kh7 35. a6 Ra8 36. Rd1 Rb8 37. Qc7 Rb2 38. Qxf7 Rxg2 39. Kxg2 Qe2+ 40.
Kg3 Qe3+ 41. Kg2 Qe2+ 42. Kg3 Qe3+ 43. Kg2 1/2-1/2

[Event "27. ekipno prvenstvo RH zene"]
[Site "Biograd na Moru"]
[Date "2018.09.09"]
[Round "3.42"]
[White "Blazeka, Mihaela"]
[Black "Stadler, Brigita"]
[Result "1/2-1/2"]
[WhiteElo "2048"]
[BlackElo "2067"]
[PlyCount "80"]
[EventDate "2018.09.08"]
[EventCountry "CRO"]

1. e4 d5 2. exd5 Nf6 3. d4 Nxd5 4. Nf3 Bg4 5. c4 Nb6 6. c5 Bxf3 7. Qxf3 Nd5 8.
Bc4 e6 9. Nc3 c6 10. O-O Be7 11. Re1 Nd7 12. Nxd5 cxd5 13. Bxd5 exd5 14. Qxd5
O-O 15. Qxb7 Bf6 16. Bf4 Bxd4 17. Rad1 Nxc5 18. Qb4 Ne6 19. Be3 Qb6 20. Rxd4
Nxd4 21. Qxd4 Qxd4 22. Bxd4 Rfe8 23. Kf1 Red8 24. Bc3 Rd7 25. Re4 f6 26. Ke2
Rad8 27. Ke3 Rd3+ 28. Ke2 Kf7 29. Ra4 R3d7 30. Re4 Rd6 31. Ke3 Re6 32. Bd4 a6
33. a3 Rxe4+ 34. Kxe4 Ke6 35. b4 g6 36. Kd3 Rc8 37. Bc5 Kd5 38. g3 f5 39. h4
Re8 40. Be3 Rc8 1/2-1/2

[Event "27. ekipno prvenstvo RH zene"]
[Site "Biograd na Moru"]
[Date "2018.09.09"]
[Round "3.43"]
[White "Sambolec, Andreja"]
[Black "Ljikar, Tamara"]
[Result "1/2-1/2"]
[WhiteElo "1864"]
[BlackElo "1920"]
[PlyCount "60"]
[EventDate "2018.09.08"]
[EventCountry "CRO"]
[WhiteTeam "ŠK "]
[BlackTeam "HAŠK "]

1. e4 c5 2. Nc3 e6 3. g3 Nc6 4. Bg2 h5 5. Nf3 Nge7 6. O-O Ng6 7. d4 cxd4 8.
Nxd4 h4 9. Be3 Be7 10. f4 hxg3 11. hxg3 a6 12. Nxc6 bxc6 13. e5 f5 14. exf6
Bxf6 15. Qd3 Ne7 16. Rad1 Nf5 17. Bc5 a5 18. Rfe1 Kf7 19. Ne4 d5 20. Nxf6 gxf6
21. Qe2 Nxg3 22. Qg4 Qg8 23. Qxg8+ Rxg8 24. Kf2 Ba6 25. Bf3 Rab8 26. b3 Rg7 27.
Rg1 Be2 28. Rxg3 Bxd1 29. Rxg7+ Kxg7 30. Bxd1 Kg6 1/2-1/2

[Event "27. ekipno prvenstvo RH zene"]
[Site "Biograd na Moru"]
[Date "2018.09.09"]
[Round "3.51"]
[White "Videnova, Iva"]
[Black "Krivec, Jana"]
[Result "1/2-1/2"]
[WhiteElo "2336"]
[BlackElo "2185"]
[PlyCount "52"]
[EventDate "2018.09.08"]
[EventCountry "CRO"]
[WhiteTeam "ŠK "]
[BlackTeam "ŠK "]

1. e4 e5 2. Nf3 Nc6 3. d4 exd4 4. Nxd4 Nf6 5. Nxc6 bxc6 6. e5 Qe7 7. Qe2 Nd5 8.
c4 Ba6 9. Nd2 g6 10. Nf3 Qb4+ 11. Kd1 Rb8 12. Qc2 Ne7 13. Qb3 c5 14. Bd2 Qb7
15. Bd3 Qa8 16. Qc3 Bg7 17. Bg5 Bb7 18. Be2 Nf5 19. Qa5 d6 20. Qxc7 Rc8 21. Qa5
dxe5 22. h4 h6 23. Be3 Nd4 24. Rh3 O-O 25. Bxd4 exd4 26. Bd3 Rfe8 1/2-1/2

[Event "27. ekipno prvenstvo RH zene"]
[Site "Biograd na Moru"]
[Date "2018.09.09"]
[Round "3.53"]
[White "Ivekovic, Tihana"]
[Black "Starcevic, Andrea"]
[Result "0-1"]
[WhiteElo "2114"]
[BlackElo "1893"]
[PlyCount "96"]
[EventDate "2018.09.08"]
[EventCountry "CRO"]
[WhiteTeam "ŠK "]
[BlackTeam "ŠK "]

1. d4 d5 2. c4 e6 3. Nc3 Nf6 4. Nf3 Be7 5. Bf4 c6 6. e3 Nbd7 7. Qc2 b6 8. cxd5
exd5 9. Bd3 Bb7 10. O-O O-O 11. Rfd1 Rc8 12. Rac1 a6 13. Ne5 h6 14. Qe2 b5 15.
Bf5 c5 16. Nxd7 Nxd7 17. Bxh6 gxh6 18. Qg4+ Kh8 19. Bxd7 Rc7 20. Bf5 Rg8 21.
Qh3 Bf8 22. dxc5 Rxc5 23. Rd4 Qf6 24. Rcd1 Rg5 25. Bd7 Rc4 26. f4 Rg8 27. Qf3
Bc5 28. Rxc4 bxc4 29. Nxd5 Qxb2 30. Bf5 Bxe3+ 31. Kh1 Bc5 32. Be4 Bxd5 33. Rxd5
c3 34. g4 c2 35. Rxc5 c1=Q+ 36. Rxc1 Qxc1+ 37. Kg2 Rd8 38. Kh3 Rc8 39. Kh4 Qe1+
40. Kh5 Kg7 41. Qd3 Qf2 42. Qg3 Qd4 43. Qd3 Qxd3 44. Bxd3 Rc3 45. Bf1 Rf3 46.
Bg2 Rf2 47. Bh3 Rxh2 48. Kh4 Rxa2 0-1

[Event "27. ekipno prvenstvo RH zene"]
[Site "Biograd na Moru"]
[Date "2018.09.09"]
[Round "3.54"]
[White "Tomulic, Vesna"]
[Black "Vujnovic, Patricija"]
[Result "0-1"]
[WhiteElo "1837"]
[BlackElo "2056"]
[PlyCount "38"]
[EventDate "2018.09.08"]
[EventCountry "CRO"]

1. e4 c6 2. Nc3 d5 3. Nf3 dxe4 4. Nxe4 Nf6 5. Nxf6+ exf6 6. d4 Bd6 7. Bd3 O-O
8. O-O Re8 9. Bd2 Nd7 10. c4 Nf8 11. Qc2 Bg4 12. Nh4 Bc7 13. Bc3 g6 14. h3 Be6
15. Nf3 Qd7 16. d5 Bxh3 17. gxh3 Qxh3 18. Be2 Qg4+ 19. Kh1 Re4 0-1

[Event "27. ekipno prvenstvo RH zene"]
[Site "Biograd na Moru"]
[Date "2018.09.10"]
[Round "4.13"]
[White "Kuhar, Larisa"]
[Black "Starcevic, Andrea"]
[Result "1/2-1/2"]
[WhiteElo "1912"]
[BlackElo "1893"]
[PlyCount "63"]
[EventDate "2018.09.08"]
[EventCountry "CRO"]

1. e4 c5 2. Nf3 e6 3. d4 cxd4 4. Nxd4 a6 5. Be2 Qc7 6. O-O Nc6 7. Be3 Nf6 8.
Nc3 Be7 9. f4 d6 10. Qe1 O-O 11. Qg3 Re8 12. Rad1 Bf8 13. Bf3 Nxd4 14. Bxd4 e5
15. Be3 Be6 16. f5 Bc4 17. Rfe1 b5 18. Bg5 Kh8 19. a3 a5 20. Bxf6 gxf6 21. Bh5
b4 22. Nd5 Bxd5 23. Rxd5 Bh6 24. Qd3 Bf8 25. Re3 bxa3 26. bxa3 Rab8 27. Qc3
Rb1+ 28. Kf2 Qb6 29. Qxa5 Qb2 30. Qc3 Qb6 31. Qa5 Qb2 32. Qc3 1/2-1/2

[Event "27. ekipno prvenstvo RH zene"]
[Site "Biograd na Moru"]
[Date "2018.09.10"]
[Round "4.14"]
[White "Tomulic, Vesna"]
[Black "Dejanovic, Tereza"]
[Result "0-1"]
[WhiteElo "1837"]
[BlackElo "1815"]
[PlyCount "66"]
[EventDate "2018.09.08"]
[EventCountry "CRO"]

1. e4 c5 2. Nf3 d6 3. d4 cxd4 4. Nxd4 Nf6 5. Nc3 a6 6. Be3 e6 7. Be2 Be7 8. a4
Nc6 9. Nb3 b6 10. f4 Bb7 11. Bf3 Qc7 12. O-O O-O 13. g4 Nd7 14. Qe1 Nc5 15. Qf2
g6 16. h4 Qd8 17. g5 h6 18. Rad1 Nd7 19. Nd2 e5 20. Nc4 exf4 21. Bxf4 hxg5 22.
Bxd6 gxh4 23. Bg4 Bxd6 24. Nxd6 Nde5 25. Nxf7 Qe7 26. Nh6+ Kg7 27. Qe3 Qc5 28.
Qxc5 bxc5 29. Nf5+ gxf5 30. Bxf5 Nd4 31. Rf4 Rf6 32. Kf2 h3 33. Rg1+ Kf7 0-1

[Event "27. ekipno prvenstvo RH zene"]
[Site "Biograd na Moru"]
[Date "2018.09.10"]
[Round "4.21"]
[White "Rozman, Monika"]
[Black "Videnova, Iva"]
[Result "0-1"]
[WhiteElo "2037"]
[BlackElo "2336"]
[PlyCount "98"]
[EventDate "2018.09.08"]
[EventCountry "CRO"]

1. f4 c5 2. Nf3 Nc6 3. g3 d5 4. Bg2 g6 5. d3 Bg7 6. O-O Nf6 7. Qe1 d4 8. Na3
Nd5 9. Bd2 O-O 10. c3 e5 11. fxe5 Nxe5 12. Nxe5 Bxe5 13. Nc4 Bg7 14. e4 dxe3
15. Bxe3 Nxe3 16. Qxe3 Qc7 17. Qf4 Qxf4 18. Rxf4 Rd8 19. Na5 Bh6 20. Rff1 Rxd3
21. Rad1 Rxd1 22. Rxd1 Bg4 23. Re1 Rd8 24. Nxb7 Rd2 25. Nxc5 Rxb2 26. Ne4 Be2
27. g4 Be3+ 28. Kh1 Bf4 29. g5 Rxa2 30. c4 Rc2 31. c5 h6 32. h4 hxg5 33. hxg5
Kg7 34. Kg1 Bd3 35. Nf6 Rxc5 36. Ne8+ Kf8 37. Nf6 Rc1 38. Rxc1 Bxc1 39. Bd5 Bf5
40. Kf2 a5 41. Bb3 Ke7 42. Nd5+ Kd6 43. Nc3 Be6 44. Bc2 Ke5 45. Ne4 Bf5 46. Kf3
a4 47. Bd3 a3 48. Nf2 a2 49. Bxf5 Kxf5 0-1

[Event "27. ekipno prvenstvo RH zene"]
[Site "Biograd na Moru"]
[Date "2018.09.10"]
[Round "4.22"]
[White "Ivekovic, Tihana"]
[Black "Blazeka, Mihaela"]
[Result "1-0"]
[WhiteElo "2114"]
[BlackElo "2048"]
[PlyCount "45"]
[EventDate "2018.09.08"]
[EventCountry "CRO"]

1. d4 Nf6 2. c4 e6 3. g3 Be7 4. Bg2 d5 5. Nf3 O-O 6. O-O dxc4 7. Qc2 a6 8. a4
Bd7 9. Rd1 Bc6 10. Nc3 Nd5 11. e4 Nxc3 12. bxc3 b5 13. d5 exd5 14. exd5 Bb7 15.
axb5 axb5 16. Rxa8 Bxa8 17. Nd4 Qd7 18. d6 Qxd6 19. Bxa8 Rd8 20. Bf3 Qf6 21.
Qe4 Bc5 22. Be3 c6 23. Nxc6 1-0

[Event "27. ekipno prvenstvo RH zene"]
[Site "Biograd na Moru"]
[Date "2018.09.10"]
[Round "4.23"]
[White "Ljikar, Tamara"]
[Black "Cvitan, Ena"]
[Result "1/2-1/2"]
[WhiteElo "1920"]
[BlackElo "2009"]
[PlyCount "42"]
[EventDate "2018.09.08"]
[EventCountry "CRO"]

1. e4 c6 2. d4 d5 3. exd5 cxd5 4. Bd3 Nc6 5. c3 Qc7 6. Qb3 Nxd4 7. Qxd5 Nc6 8.
Bg5 Nf6 9. Qb3 Be6 10. Qc2 Qe5+ 11. Be3 Bd5 12. Nf3 Bxf3 13. gxf3 O-O-O 14. Nd2
Nd5 15. Be4 e6 16. O-O-O Be7 17. Kb1 Qc7 18. Nb3 g6 19. h4 h5 20. Nd4 Nxe3 21.
fxe3 Nxd4 1/2-1/2

[Event "27. ekipno prvenstvo RH zene"]
[Site "Biograd na Moru"]
[Date "2018.09.10"]
[Round "4.24"]
[White "Vujnovic, Patricija"]
[Black "Blazeka, Ivana"]
[Result "1-0"]
[WhiteElo "2056"]
[BlackElo "1610"]
[PlyCount "41"]
[EventDate "2018.09.08"]
[EventCountry "CRO"]

1. d4 d5 2. Nf3 Nf6 3. Bf4 Bf5 4. e3 e6 5. c4 Be7 6. Qb3 b6 7. Nc3 O-O 8. cxd5
Nxd5 9. Nxd5 exd5 10. Be2 c5 11. Ne5 cxd4 12. exd4 Bf6 13. Rc1 Bg5 14. Bxg5
Qxg5 15. O-O Rd8 16. Rc7 Be6 17. f4 Qf5 18. Bd3 Qf6 19. f5 Bc8 20. Rxf7 Qg5 21.
f6 1-0

[Event "27. ekipno prvenstvo RH zene"]
[Site "Biograd na Moru"]
[Date "2018.09.10"]
[Round "4.41"]
[White "Videkovic, Marina"]
[Black "Nikolova, Adriana"]
[Result "0-1"]
[WhiteElo "1833"]
[BlackElo "2281"]
[PlyCount "78"]
[EventDate "2018.09.08"]
[EventCountry "CRO"]

1. e4 c5 2. Nf3 d6 3. d4 cxd4 4. Nxd4 Nf6 5. Nc3 a6 6. a4 e5 7. Nb3 h6 8. Bc4
Be7 9. O-O O-O 10. Nd5 Nxe4 11. Be3 Nd7 12. Nxe7+ Qxe7 13. Qe2 Ndf6 14. f3 Ng5
15. Rad1 Be6 16. Bxe6 Nxe6 17. Qd2 d5 18. c3 Rac8 19. Qe1 Qc7 20. a5 Qc4 21.
Nc1 Qb5 22. Nd3 d4 23. cxd4 exd4 24. Bc1 Nc5 25. Nxc5 Qxc5 26. Bd2 Nd5 27. Rc1
Qb5 28. Qe4 Rxc1 29. Rxc1 Qxb2 30. Bxh6 gxh6 31. Qg4+ Kh8 32. Rc5 Ne3 33. Qh3
Qb1+ 34. Kf2 Qf1+ 35. Kg3 Qe1+ 36. Kf4 Nxg2+ 37. Qxg2 Qe3+ 38. Kf5 Qe6+ 39. Kf4
Qd6+ 0-1

[Event "27. ekipno prvenstvo RH zene"]
[Site "Biograd na Moru"]
[Date "2018.09.10"]
[Round "4.42"]
[White "Berke, Ana"]
[Black "Grgic, Neomi"]
[Result "1-0"]
[WhiteElo "2170"]
[BlackElo "1851"]
[PlyCount "83"]
[EventDate "2018.09.08"]
[EventCountry "CRO"]

1. d4 Nf6 2. Bf4 e6 3. e3 d5 4. c3 Be7 5. Nd2 O-O 6. Ngf3 Nbd7 7. Bd3 c5 8. Ne5
Re8 9. h4 Qb6 10. Rb1 Bd6 11. g4 Qc7 12. g5 Ne4 13. Bxe4 dxe4 14. Ndc4 Nxe5 15.
dxe5 Bf8 16. Nd6 Bxd6 17. exd6 Qc6 18. Be5 Qd5 19. Qxd5 exd5 20. Bf4 f6 21. O-O
Be6 22. Rfd1 b5 23. Rd2 Kf7 24. Rbd1 fxg5 25. Bxg5 h6 26. Be7 Rec8 27. Kh2 a5
28. Kg3 Ra7 29. Kf4 b4 30. Rg1 g6 31. Ke5 Rg8 32. Rg3 a4 33. h5 g5 34. f3 a3
35. cxb4 axb2 36. Rxb2 d4 37. fxe4 Bxa2 38. exd4 cxb4 39. Rxb4 g4 40. Kf4 Ra5
41. d5 Ke8 42. Rb8+ 1-0

[Event "27. ekipno prvenstvo RH zene"]
[Site "Biograd na Moru"]
[Date "2018.09.10"]
[Round "4.43"]
[White "Raguz, Ivanka"]
[Black "Bogdanic, Katarina"]
[Result "0-1"]
[WhiteElo "1706"]
[BlackElo "1921"]
[PlyCount "36"]
[EventDate "2018.09.08"]
[EventCountry "CRO"]

1. d4 Nf6 2. c4 e6 3. Nc3 Bb4 4. Qc2 c5 5. e3 Nc6 6. Nge2 O-O 7. Bd2 cxd4 8.
exd4 d5 9. a3 Be7 10. c5 e5 11. dxe5 Nxe5 12. b4 d4 13. Nxd4 Qxd4 14. O-O-O
Qxf2 15. Ne4 Nxe4 16. Qxe4 Bf6 17. Bb5 Bf5 18. Qxb7 Qd4 0-1

[Event "27. ekipno prvenstvo RH zene"]
[Site "Biograd na Moru"]
[Date "2018.09.10"]
[Round "4.44"]
[White "Golub, Nikolina"]
[Black "Ivekovic, Zvjezdana"]
[Result "1/2-1/2"]
[WhiteElo "1839"]
[BlackElo "1703"]
[PlyCount "134"]
[EventDate "2018.09.08"]
[EventCountry "CRO"]

1. d4 d5 2. c4 c6 3. Nf3 Nf6 4. e3 e6 5. Nbd2 Bd6 6. Bd3 Nbd7 7. O-O O-O 8. Qe2
e5 9. dxe5 Nxe5 10. Nxe5 Bxe5 11. Nf3 Bc7 12. h3 dxc4 13. Bxc4 Bf5 14. Rd1 Qe7
15. b3 Rad8 16. Bb2 Nd5 17. a3 Rfe8 18. Rd2 Nb6 19. Bd3 Be6 20. Qd1 Bd5 21. Rc1
Bd6 22. b4 Nd7 23. e4 Be6 24. e5 Bb8 25. Qc2 h6 26. Be4 Nb6 27. Qc5 Qxc5 28.
bxc5 Rxd2 29. Nxd2 Rd8 30. cxb6 Rxd2 31. Bc3 Rd7 32. bxa7 Bxa7 33. Rb1 Bc5 34.
a4 Kf8 35. a5 Ke7 36. Bb4 Bxb4 37. Rxb4 Kd8 38. a6 bxa6 39. Bxc6 Rc7 40. Be4 a5
41. Rb8+ Rc8 42. Rb6 Rc4 43. Rb8+ Kc7 44. Rb7+ Kc8 45. Bf3 Rc5 46. Ra7 Rxe5 47.
Kh2 Kb8 48. Rb7+ Kc8 49. Ra7 Bb3 50. Ra8+ Kc7 51. Ra7+ Kd6 52. Ra6+ Ke7 53. Bc6
Bc4 54. Ra7+ Kd6 55. Ba4 Rc5 56. f4 Ke6 57. Be8 Kf6 58. h4 Rf5 59. g3 Kg6 60.
Bc6 Kf6 61. g4 Rxf4 62. Kg3 Rf1 63. Rxa5 Rg1+ 64. Kf4 Rf1+ 65. Kg3 Be6 66. Bf3
Rg1+ 67. Kf4 Rf1 1/2-1/2

[Event "27. ekipno prvenstvo RH zene"]
[Site "Biograd na Moru"]
[Date "2018.09.10"]
[Round "4.51"]
[White "Kejzar, Petra"]
[Black "Janzelj, Lara"]
[Result "1/2-1/2"]
[WhiteElo "2067"]
[BlackElo "2254"]
[PlyCount "98"]
[EventDate "2018.09.08"]
[EventCountry "CRO"]

1. e4 e5 2. Nf3 Nc6 3. Bb5 a6 4. Ba4 Nf6 5. d3 d6 6. c3 b5 7. Bc2 Be7 8. O-O
O-O 9. a4 Bb7 10. axb5 axb5 11. Rxa8 Qxa8 12. Na3 b4 13. Nc4 Rd8 14. Bd2 Ba6
15. Re1 Nxe4 16. Rxe4 d5 17. Rxe5 dxc4 18. Rxe7 Nxe7 19. d4 Ng6 20. h4 Bb7 21.
Ng5 h6 22. Ne6 Rd6 23. h5 Rxe6 24. hxg6 fxg6 25. Qg4 Rf6 26. Bxg6 Bxg2 27. Bxh6
Bf3 28. Bh7+ Kf7 29. Qxg7+ Ke8 30. Bg6+ Rxg6+ 31. Qxg6+ Kd8 32. Bg5+ Kc8 33.
Qf5+ Kb8 34. Qf8+ Ka7 35. Qc5+ Kb8 36. Qxb4+ Bb7 37. Qf8+ Bc8 38. Qb4+ Bb7 39.
Qa3 Ba6 40. Bf4 Qc6 41. d5 Qg6+ 42. Bg3 Qb1+ 43. Kg2 Qe4+ 44. f3 Qc2+ 45. Bf2
Qg6+ 46. Kf1 Qd3+ 47. Kg2 Qg6+ 48. Bg3 Qc2+ 49. Bf2 Qg6+ 1/2-1/2

[Event "27. ekipno prvenstvo RH zene"]
[Site "Biograd na Moru"]
[Date "2018.09.10"]
[Round "4.52"]
[White "Kruljac, Petra"]
[Black "Sulc, Gordana"]
[Result "1/2-1/2"]
[WhiteElo "2069"]
[BlackElo "1866"]
[PlyCount "41"]
[EventDate "2018.09.08"]
[EventCountry "CRO"]

1. b3 c5 2. e3 e6 3. Bb2 Nf6 4. Nf3 a6 5. Be2 Nc6 6. O-O Be7 7. d4 O-O 8. c4 d5
9. Nbd2 b6 10. Ne5 Nxe5 11. dxe5 Ne4 12. cxd5 exd5 13. Nxe4 dxe4 14. Qc2 Bf5
15. Bc4 b5 16. Rfd1 Qb6 17. Bd5 Qg6 18. Bxa8 Rxa8 19. Kh1 h5 20. Rd2 Rc8 21. a4
1/2-1/2

[Event "27. ekipno prvenstvo RH zene"]
[Site "Biograd na Moru"]
[Date "2018.09.10"]
[Round "4.53"]
[White "Mican, Karmela"]
[Black "Radikovic, Anamarija"]
[Result "1-0"]
[WhiteElo "1890"]
[BlackElo "1906"]
[PlyCount "99"]
[EventDate "2018.09.08"]
[EventCountry "CRO"]

1. e4 c5 2. Nf3 e6 3. d4 cxd4 4. Nxd4 a6 5. Nc3 Qc7 6. Be3 Bb4 7. Nde2 Nf6 8.
a3 Be7 9. h3 b5 10. g3 Bb7 11. Bg2 d6 12. O-O Nbd7 13. g4 Nb6 14. b3 d5 15. Qd4
Nfd7 16. exd5 Bf6 17. Qd2 exd5 18. Bd4 O-O 19. Rad1 Rfd8 20. Kh1 Be7 21. Ra1
Nf6 22. Qe3 Nc8 23. g5 Ne4 24. f4 Ncd6 25. Bb6 Qd7 26. Bxe4 dxe4 27. Bxd8 Bxd8
28. Rfd1 Qe6 29. Kh2 Nf5 30. Qd2 Qb6 31. Nd4 Nh4 32. Kg3 Ng6 33. Re1 Nxf4 34.
Nxe4 Bc7 35. Kf2 Nxh3+ 36. Kf1 Nf4 37. Rad1 Qg6 38. Qe3 Qh5 39. Qf3 Bxe4 40.
Rxe4 Qxf3+ 41. Nxf3 h6 42. Rd7 Bb6 43. Rxf4 Rc8 44. Rfxf7 Rxc2 45. Rxg7+ Kf8
46. Rgf7+ Ke8 47. Rb7 Ra2 48. gxh6 Rxa3 49. h7 Ra1+ 50. Kg2 1-0

[Event "27. ekipno prvenstvo RH zene"]
[Site "Biograd na Moru"]
[Date "2018.09.10"]
[Round "4.54"]
[White "Muha, Magdalena"]
[Black "Lijic, Kristina"]
[Result "0-1"]
[WhiteElo "1839"]
[BlackElo "1715"]
[PlyCount "92"]
[EventDate "2018.09.08"]
[EventCountry "CRO"]

1. d4 d5 2. c4 e6 3. Nc3 Nf6 4. cxd5 exd5 5. Bg5 Be7 6. e3 O-O 7. Bd3 h6 8. Bh4
b6 9. Nf3 Bb7 10. O-O Nbd7 11. Rc1 Re8 12. Bg3 c6 13. h3 Bf8 14. Qc2 Qe7 15.
Bh4 c5 16. Qe2 a6 17. Rfd1 Qe6 18. Bg3 Bd6 19. Bxd6 Qxd6 20. Bb1 Qe6 21. Rd2 c4
22. b3 b5 23. bxc4 dxc4 24. Rcd1 b4 25. Na4 c3 26. Rc2 Rac8 27. a3 Qb3 28. Nc5
Nxc5 29. dxc5 a5 30. Qb5 Be4 31. Nd4 Qd5 32. axb4 Bxg2 33. Rxc3 Bxh3 34. f3
axb4 35. Qxb4 Rb8 36. Qa3 Qg5+ 37. Kf2 Qg2+ 38. Ke1 Rxb1 39. Rxb1 Qf1+ 40. Kd2
Qxb1 41. c6 Nd5 42. Rb3 Qg1 43. Rd3 Qf2+ 44. Kc1 Nxe3 45. c7 Qf1+ 46. Kd2 Nc4+
0-1

[Event "27. ekipno prvenstvo RH zene"]
[Site "Biograd na Moru"]
[Date "2018.09.11"]
[Round "5.32"]
[White "Grgic, Neomi"]
[Black "Stadler, Brigita"]
[Result "1/2-1/2"]
[WhiteElo "1851"]
[BlackElo "2067"]
[PlyCount "84"]
[EventDate "2018.09.08"]
[EventCountry "CRO"]

1. e4 d5 2. exd5 Nf6 3. Nf3 Nxd5 4. d4 g6 5. c4 Nb6 6. h3 Bg7 7. Nc3 O-O 8. Be2
c6 9. O-O Be6 10. Qb3 a5 11. a4 Na6 12. Be3 Nb4 13. Rfd1 Qc7 14. Rac1 f6 15.
Ne4 Bf7 16. d5 Nd7 17. d6 exd6 18. Nxd6 c5 19. Bf4 Ne5 20. Qe3 b6 21. Kf1 Nbc6
22. Nxe5 fxe5 23. Bh6 Bxh6 24. Qxh6 Nd4 25. Ne4 Be8 26. Qh4 Bxa4 27. Rd3 Rf4
28. Nf6+ Kh8 29. Nd5 Rxh4 30. Nxc7 Rf8 31. Bg4 Bc6 32. Re3 e4 33. Nd5 Nf5 34.
Rb3 Bxd5 35. cxd5 Rf6 36. Re1 e3 37. Bxf5 gxf5 38. Rexe3 c4 39. Rb5 Re4 40. Ke2
Kg7 41. Rxe4 fxe4 42. Ke3 Kf7 1/2-1/2

[Event "27. ekipno prvenstvo RH zene"]
[Site "Biograd na Moru"]
[Date "2018.09.11"]
[Round "5.41"]
[White "Videnova, Iva"]
[Black "Repkova, Eva"]
[Result "0-1"]
[WhiteElo "2336"]
[BlackElo "2288"]
[PlyCount "150"]
[EventDate "2018.09.08"]
[EventCountry "CRO"]

1. e4 e6 2. d4 d5 3. Nc3 Ne7 4. Nf3 Nbc6 5. e5 b6 6. a3 Bb7 7. Bd3 Qd7 8. Qe2
Nf5 9. Be3 Be7 10. O-O-O O-O-O 11. Bb5 Kb8 12. Bf4 Rdg8 13. h4 Nxh4 14. Nxh4 g5
15. Bxg5 Bxg5+ 16. Kb1 Bxh4 17. Rxh4 Rxg2 18. Rdh1 Qd8 19. Bxc6 Bxc6 20. Rxh7
Rxh7 21. Rxh7 Be8 22. Rh8 Kb7 23. Qf3 Rg1+ 24. Ka2 Qe7 25. Qf6 Qxf6 26. exf6
Bc6 27. Rf8 Rf1 28. Rxf7 Rxf2 29. Rf8 a5 30. a4 Bd7 31. Nd1 Rf4 32. b3 Rxd4 33.
f7 Rxd1 34. Rb8+ Kxb8 35. f8=Q+ Bc8 36. Qf3 Rd4 37. Qc3 Re4 38. Qh8 d4 39. Qd8
e5 40. Kb2 Re1 41. Qh4 Re3 42. Qd8 Rc3 43. b4 axb4 44. a5 bxa5 45. Qd5 d3 46.
cxd3 Bb7 47. Qxa5 Rxd3 48. Qxb4 Rd6 49. Qc5 Rb6+ 50. Ka3 e4 51. Qf8+ Bc8 52.
Qe8 Ra6+ 53. Kb2 Re6 54. Qf8 e3 55. Kc3 e2 56. Qb4+ Rb6 57. Qe7 Rc6+ 58. Kd2
Rd6+ 59. Ke1 Ba6 60. Qe8+ Kb7 61. Qe4+ Kc8 62. Qe8+ Kb7 63. Qe4+ Kb6 64. Qe3+
c5 65. Kf2 Rf6+ 66. Kg3 Bc4 67. Qd2 Re6 68. Qe1 Bd3 69. Kh4 Kb5 70. Kg5 c4 71.
Kg4 Re5 72. Kh3 c3 73. Qxc3 Bf5+ 74. Kh2 e1=Q 75. Qb2+ Kc6 0-1

[Event "27. ekipno prvenstvo RH zene"]
[Site "Biograd na Moru"]
[Date "2018.09.11"]
[Round "5.42"]
[White "Medic, Mirjana"]
[Black "Deur Saric, Zrinka"]
[Result "1-0"]
[WhiteElo "2167"]
[BlackElo "2115"]
[PlyCount "79"]
[EventDate "2018.09.08"]
[EventCountry "CRO"]

1. d4 Nf6 2. c4 Nc6 3. Nf3 e6 4. a3 d6 5. Nc3 Be7 6. e4 O-O 7. Be2 Re8 8. h3 e5
9. d5 Nb8 10. Be3 Nbd7 11. Qc2 a5 12. Rb1 b6 13. b4 Bf8 14. Nd2 g6 15. Nb3 axb4
16. axb4 Bb7 17. O-O Qe7 18. Ra1 Reb8 19. Nb5 Rxa1 20. Rxa1 c6 21. Na7 cxd5 22.
cxd5 Qd8 23. Bb5 Ra8 24. Ra4 Qb8 25. Nc6 Qc8 26. Nd2 Rxa4 27. Qxa4 Qa8 28. f3
Qxa4 29. Bxa4 Ba6 30. b5 Bc8 31. Nc4 Nc5 32. Nxb6 Nxa4 33. Nxc8 Nd7 34. b6 Nac5
35. Na5 f5 36. Bxc5 dxc5 37. Nc4 Kf7 38. b7 Kf6 39. Na7 Bh6 40. Nc6 1-0

[Event "27. ekipno prvenstvo RH zene"]
[Site "Biograd na Moru"]
[Date "2018.09.11"]
[Round "5.43"]
[White "Cvitan, Ena"]
[Black "Roklicer, Heike"]
[Result "1-0"]
[WhiteElo "2009"]
[BlackElo "2042"]
[PlyCount "47"]
[EventDate "2018.09.08"]
[EventCountry "CRO"]

1. d4 Nf6 2. Nf3 e6 3. Bf4 d5 4. e3 c5 5. c3 Nc6 6. Nbd2 Be7 7. Bd3 O-O 8. h4
Qb6 9. Rb1 Re8 10. Ne5 Kf8 11. g4 cxd4 12. exd4 Nxe5 13. dxe5 Nd7 14. Bxh7 Qc7
15. Qe2 Bc5 16. h5 Ke7 17. h6 gxh6 18. Rxh6 Nf8 19. Bd3 a6 20. Bg5+ Kd7 21. Rf6
Kc6 22. b4 Nd7 23. bxc5 Qxe5 24. Rb6+ 1-0